00634 2200229 4500001002100000005001500021035002000036007000300056008003900059020001600098082001100114084001700125100001400142245004800156250001400204260003900218300003800257500001100295650003500306650004300341990002000384INLIS00000000000343820221214090016 a0010-1222000014ta221214 | | |  a979534284-3 a575.01 a575.01 JEN e0 aJen Green1 aEvolusi :bJejak Sejarah Sains /cJen Green aCet. 2,-- aBandung. :bPT. Pakar Raya,c2009. a40 hlm. :bilus. ;c17,5 x 25 cm. aIndeks aPengalih Bahasa, Iman Setiadji aPenyunting Bahasa, Rizka Yanuarti, S.S a12443/P/BL/2016